000 01166nam a2200337Ia 4500
001 Z_6868
003 CHAP
008 220113s1996 xx 000 0 und d
010 _a170142
040 _cCHAP
090 _aTesis H47 2504
100 _aHernández Mendo, Omar
_954332
245 _aPastoreo de kikuyo (Pennisetum clandestinum Hochst.) por borregas en crecimiento, a diferentes asignaciones de forraje \ Oma Hernández Mendo
260 _aMéxico :
_bEl autor,
_c1996
300 _a96 p.
502 _aTesis (Maestro en Ciencias Especialista en Ganadería) -- CP, 1996 \ Director: Jorge Pérez Pérez; asesoría: Pedro A. Martínez Hernández y José G. Herrera Haro
650 _aAsignación de forraje
_9146198
650 _aDigestibilidad
_9144243
650 _aForraje
_9137922
650 _aGanancia de peso
_9145326
650 _aKikuyo
_9146199
700 _a Herrera Haro, José G., asesor
_9146200
700 _a Martínez Hernández, Pedro Arturo, asesor
_9137925
700 _aPérez Pérez, Jorge, director
_9146201
901 _aTESIS H47 2504
902 _aM
910 _a1996
942 _c2
942 _c2
999 _c170142
_d170142